A study on strategic planning behavior in four small companies /
Saved in:
| 主要作者: | |
|---|---|
| 格式: | Thesis 圖書 |
| 語言: | English |
| 出版: |
1987
|
| 主題: | |
| 標簽: |
添加標簽
沒有標簽, 成為第一個標記此記錄!
|
| LEADER | 00872cam a2200253 a 4500 | ||
|---|---|---|---|
| 001 | u85557 | ||
| 003 | SIRSI | ||
| 008 | 890626s1987 si v 00 1 eng m | ||
| 035 | |a AAJ-3001 | ||
| 040 | |a UMM | ||
| 043 | |a a-si--- | ||
| 090 | 0 | 0 | |a HD70 |b S55Eu |
| 100 | 1 | 0 | |a Eu, Hong Gay. |
| 245 | 1 | 2 | |a A study on strategic planning behavior in four small companies / |c by Eu Hong Gay. |
| 260 | |c 1987 | ||
| 300 | |a vi, 130 leaves ; |c 29cm. | ||
| 502 | |a Dissertation (M.B.A.) -- National University of Singapore, 1987. | ||
| 504 | |a Bibliography: leaves 110-112. | ||
| 650 | 0 | |a Strategic planning |z Singapore |x Case studies. | |
| 650 | 0 | |a Business planning |z Singapore |x Case studies. | |
| 650 | 0 | |a Small business |z Singapore |x Management. | |
| 948 | |a 17/03/1991 |b 11/09/2002 | ||
| 596 | |a 1 | ||
| 999 | |a HD70 S55EU |w LC |c 1 |i A010583872 |d 3/2/2010 |e 3/2/2010 |l STACKS |m P01UTAMA |n 3 |r Y |s Y |t TESIS |u 3/2/1992 | ||
